00354 a2200109 4500001001000000005001700010008004100027245006100068100002300129700002500152773006700177ART_1255420260410161907.0260409a 10aSubstitution of Labour for Capital in the Foreign Sector1 aSolomon, Ribert F.1 aForsyth, David J. C.0 tThe Economic Journalg- Vol. 87, NÂș 346 (jun. 1977)wREV12512